Schaum's outline of theory and problems of programming with C (Record no. 18605)

MARC details
000 -LEADER
fixed length control field 00501nam a22001937a 4500
005 - DATE AND TIME OF LATEST TRANSACTION
control field 20230706123053.0
008 - FIXED-LENGTH DATA ELEMENTS--GENERAL INFORMATION
fixed length control field 230606b |||||||| |||| 00| 0 eng d
020 ## - INTERNATIONAL STANDARD BOOK NUMBER
ISBN 97800711428595
082 ## - DEWEY DECIMAL CLASSIFICATION NUMBER
Classification number 005.133
Item number GOT-P
100 ## - MAIN ENTRY--AUTHOR
Author Name Gottfried, Byron S
245 ## - TITLE STATEMENT
Title Schaum's outline of theory and problems of programming with C
250 ## - EDITION STATEMENT
Edition statement 2nd ed.
260 ## - PUBLICATION, DISTRIBUTION, ETC.
Place of Publication India
Name of publisher, distributor, etc. McGraw Hill
Date of publication, distribution, etc. 1999
300 ## - PHYSICAL DESCRIPTION
Pages 532
500 ## - GENERAL NOTE
General note Index Given
650 ## - SUBJECT ADDED ENTRY--TOPICAL TERM
Subject / Department Computer
700 ## - ADDED ENTRY--PERSONAL NAME
Personal name Byron,Gottfried
952 ## - LOCATION AND ITEM INFORMATION (KOHA)
-- 0
-- 0
Holdings
Lost status Damaged status Collection code Permanent Location Current Location Shelving Location Date acquired Full Call Number Accession No./Barcode Date last seen item type Koha item type
    CS/IT Superior Information Resource Center (SIRC) Superior University- Gold Campus Superior Information Resource Center (SIRC) Superior University- Gold Campus Computer 06/06/2023 005.133 GOT-S 1999 15353 06/06/2023 BOOK BOOK

Powered by Koha